000 00683nam a22002297a 4500
003 DO-SdBNP
005 20240530073926.0
007 ta
008 220203b2018 dr ||||| |||| 00| f spa d
020 _a9789945805963
040 _aDO-SdBNP
_bspa
_cBNPHU
082 4 _aRD863.5
_bW516e
_222
100 1 _aWest Castillo, Conrado
_981128
245 1 0 _aEl Ozama Rojo /
_cConrado West Castillo.
260 _aSanto Domingo :
_bÉlite Talleres Gráficos,
_c2018.
300 _a440 p. ;
_c23 cm.
590 _aInventariado, 2022 /LP
650 0 _aNovela dominicana
_9223
650 _aLiteratura dominicana
910 _aLopérez./Validado. Control de calidad MFF
942 _2ddc
_cLBS1
999 _c51330
_d51330